<?xml version="1.0" encoding="UTF-8"?>
<record
    xmlns:xsi="http://www.w3.org/2001/XMLSchema-instance"
    xsi:schemaLocation="http://www.loc.gov/MARC21/slim http://www.loc.gov/standards/marcxml/schema/MARC21slim.xsd"
    xmlns="http://www.loc.gov/MARC21/slim">

  <leader>01060na  a2200301   4500</leader>
  <controlfield tag="001">16956</controlfield>
  <controlfield tag="003">MIRAKIL</controlfield>
  <controlfield tag="005">20181213154957.0</controlfield>
  <controlfield tag="008">161018b        tu            000 0      </controlfield>
  <datafield tag="020" ind1=" " ind2=" ">
    <subfield code="a">9786055614027</subfield>
  </datafield>
  <datafield tag="035" ind1=" " ind2=" ">
    <subfield code="a">16956</subfield>
  </datafield>
  <datafield tag="040" ind1=" " ind2=" ">
    <subfield code="a">Milas</subfield>
    <subfield code="b">tur</subfield>
    <subfield code="c">TR-AnCHP</subfield>
  </datafield>
  <datafield tag="041" ind1=" " ind2=" ">
    <subfield code="a">tur</subfield>
    <subfield code="a">ger</subfield>
  </datafield>
  <datafield tag="082" ind1=" " ind2=" ">
    <subfield code="a">346.077</subfield>
    <subfield code="b">M32m 2009</subfield>
  </datafield>
  <datafield tag="090" ind1=" " ind2=" ">
    <subfield code="a">346.077 M32m 2009</subfield>
  </datafield>
  <datafield tag="111" ind1=" " ind2=" ">
    <subfield code="a">Medeni Usul ve &#x130;cra-&#x130;flas Hukuk&#xE7;ular&#x131; Toplant&#x131;s&#x131;</subfield>
    <subfield code="c">&#x130;zmir</subfield>
    <subfield code="d">2008</subfield>
    <subfield code="n">7</subfield>
  </datafield>
  <datafield tag="245" ind1=" " ind2=" ">
    <subfield code="a">Medeni usul ve icra-iflas hukuk&#xE7;ular&#x131; toplant&#x131;s&#x131; - VII</subfield>
    <subfield code="b">&#x130;lams&#x131;z icra</subfield>
    <subfield code="c">T&#xFC;rkiye Barolar Birli&#x11F;i</subfield>
  </datafield>
  <datafield tag="246" ind1=" " ind2=" ">
    <subfield code="a">&#x130;lams&#x131;z icra</subfield>
  </datafield>
  <datafield tag="260" ind1=" " ind2=" ">
    <subfield code="a">Ankara</subfield>
    <subfield code="b">T&#xFC;rkiye Barolar Birli&#x11F;i</subfield>
    <subfield code="c">2009</subfield>
  </datafield>
  <datafield tag="300" ind1=" " ind2=" ">
    <subfield code="a">ix, 322 s.</subfield>
    <subfield code="c">24 sm.</subfield>
  </datafield>
  <datafield tag="490" ind1=" " ind2=" ">
    <subfield code="a">T&#xFC;rkiye Barolar Birli&#x11F;i yay&#x131;nlar&#x131;</subfield>
    <subfield code="v">163</subfield>
  </datafield>
  <datafield tag="500" ind1=" " ind2=" ">
    <subfield code="a">Eser ad&#x131; ba&#x15F;&#x131;nda: Do&#xE7;ent Dr. Haluk Konuralp'in An&#x131;s&#x131;na</subfield>
  </datafield>
  <datafield tag="650" ind1=" " ind2=" ">
    <subfield code="a">&#x130;cra hukuku</subfield>
    <subfield code="x">Ele&#x15F;tiriler</subfield>
    <subfield code="y">Toplant&#x131;lar</subfield>
    <subfield code="z">T&#xFC;rkiye</subfield>
  </datafield>
  <datafield tag="650" ind1=" " ind2=" ">
    <subfield code="a">&#x130;cra hukuku</subfield>
    <subfield code="y">Toplant&#x131;lar</subfield>
    <subfield code="z">Almanya</subfield>
  </datafield>
  <datafield tag="650" ind1=" " ind2=" ">
    <subfield code="a">&#x130;cra hukuku</subfield>
    <subfield code="y">Toplant&#x131;lar</subfield>
    <subfield code="z">&#x130;svi&#xE7;re</subfield>
  </datafield>
  <datafield tag="710" ind1=" " ind2=" ">
    <subfield code="a">T&#xFC;rkiye Barolar Birli&#x11F;i</subfield>
  </datafield>
  <datafield tag="942" ind1=" " ind2=" ">
    <subfield code="2">dcc</subfield>
    <subfield code="c">BKS</subfield>
  </datafield>
  <datafield tag="952" ind1=" " ind2=" ">
    <subfield code="a">0001</subfield>
    <subfield code="b">0001</subfield>
    <subfield code="d">2016-10-18</subfield>
    <subfield code="e">2</subfield>
    <subfield code="h">c.2</subfield>
    <subfield code="l">0</subfield>
    <subfield code="o">346.077 M32m 2009</subfield>
    <subfield code="p">005424</subfield>
    <subfield code="r">2016-10-18 00:00:00</subfield>
    <subfield code="v">0.00</subfield>
    <subfield code="w">2016-10-18</subfield>
    <subfield code="y">BKS</subfield>
  </datafield>
  <datafield tag="999" ind1=" " ind2=" ">
    <subfield code="c">4217</subfield>
    <subfield code="d">4217</subfield>
  </datafield>
</record>
